<?xml version="1.0" encoding="UTF-8"?>
<collection xmlns="http://www.loc.gov/MARC21/slim">
 <record>
  <leader>00603pamaa2200205   4500</leader>
  <controlfield tag="001">0000052599</controlfield>
  <controlfield tag="005">20140624090000.0</controlfield>
  <controlfield tag="008">140701s2013</controlfield>
  <datafield tag="020" ind1="0" ind2="0">
   <subfield code="a">9781449675226 (pbk.) </subfield>
  </datafield>
  <datafield tag="090" ind1="0" ind2="0">
   <subfield code="a">QP141 </subfield>
   <subfield code="b">NUT 2013</subfield>
  </datafield>
  <datafield tag="245" ind1="1" ind2="0">
   <subfield code="a">Nutrition : </subfield>
   <subfield code="b">myplate update  </subfield>
   <subfield code="c">Paul Insel ... [et al.].</subfield>
  </datafield>
  <datafield tag="250" ind1="0" ind2="0">
   <subfield code="a">4th ed.</subfield>
  </datafield>
  <datafield tag="260" ind1="0" ind2="0">
   <subfield code="a">Burlington, MA: </subfield>
   <subfield code="b">Jones &amp; Bartlett Learning, </subfield>
   <subfield code="c">2013.</subfield>
  </datafield>
  <datafield tag="300" ind1=" " ind2=" ">
   <subfield code="a">xxx, 805 (IX-23p).: </subfield>
   <subfield code="b">ill.; </subfield>
   <subfield code="c">28 cm.</subfield>
  </datafield>
  <datafield tag="501" ind1="0" ind2="0">
   <subfield code="a">FHS</subfield>
  </datafield>
  <datafield tag="504" ind1="0" ind2="0">
   <subfield code="a">Includes bibliographical references and index</subfield>
  </datafield>
  <datafield tag="650" ind1="0" ind2="0">
   <subfield code="a">Nutrition </subfield>
  </datafield>
  <datafield tag="700" ind1="1" ind2="1">
   <subfield code="a">Insel, </subfield>
   <subfield code="h">Paul M. </subfield>
  </datafield>
  <datafield tag="745" ind1="1" ind2="0">
   <subfield code="a">Nutrition</subfield>
  </datafield>
  <datafield tag="856" ind1=" " ind2=" ">
   <subfield code="u">http://www.jblearning.com</subfield>
  </datafield>
 </record>
</collection>
